000 00714nam a2200133Ia 4500
008 171212s9999 xx 000 0 und d
020 _a9780833081902
100 _aPayne, Leslie;Osburg, Jan
245 _cPayne, Leslie;Osburg, Jan
_aLeveraging Observations of Security Force Assistance in Afghanistan for Global Operations
260 _bRAND Corporation
_c2013
650 _aHistory
650 _aInternational Security Assistance Force (Afghanistan); Military assistance, American -- Afghanistan; United States -- Armed Forces -- Stability operations; Combined operations (Military science); Afghanistan. Afghan National Army; Internal security -- Afg
856 _uhttp://www.jstor.org/stable/10.7249/j.ctt5hhw82
999 _c352269
_d352269